00921nam a2200241 a 4500008004100000020002200041245007700063250001300140260003200153300003400185500011000219504004100329500002000370650005300390650006700443650007900510700001900589710002800608710001600636003000100652005001700653040000900670  a1853831859 (pbk.)00aEconomic analysis of environmental impacts /cJohn A. Dixon ... [et al.] a2nd ed. aLondon :bEarthscan,c1994. axii, 210 p. :bill. ;c24 cm. aOriginally published under title: Economic analysis of the environmental impacts of development projects. aIncludes bibliographical references. aIncludes index. 0aEnvironmental impact analysisxEconomic aspects. 0aEnvironmental impact analysisxEconomic aspectsvCase studies. 0aEconomic development projectsxEnvironmental aspectsxCostsvCase studies.1 aDixon, John A.2 aAsian Development Bank.2 aWorld Bank.20230123133323.0 cNUST